书目信息 |
| 题名: |
房屋建筑学
|
|
| 作者: | 裴刚 编 | |
| 分册: | ||
| 出版信息: | 广州 华南理工大学出版社 2002.01 |
|
| 页数: | 410页 | |
| 开本: | 26cm | |
| 丛书名: | ||
| 单 册: | ||
| 中图分类: | TU22-43 | |
| 科图分类: | ||
| 主题词: | 建筑构造--结构设计 | |
| 电子资源: | ||
| ISBN: | 7-5623-1754-2 | |
| 000 | 00546nam0 2200193 45 | |
| 001 | 8041482211 | |
| 005 | 1980010411312143 | |
| 010 | @a7-5623-1754-2@d39.50CNY | |
| 100 | @a19800104d2002 km y0chiy0120 ea | |
| 101 | 0 | @achi |
| 102 | @aCN@b440000 | |
| 200 | 1 | @a房屋建筑学@AFang Wu Jian Zhu Xue@f裴刚等编@Fpei gang deng bian |
| 210 | @a广州@c华南理工大学出版社@d2002.01 | |
| 215 | @a410页@d26cm | |
| 606 | 0 | @a建筑构造@x结构设计 |
| 690 | @aTU22-43@v3 | |
| 701 | 0 | @a裴刚@Apei gang@4编 |
| 801 | 0 | @aCN@bPFT@c19800104 |
| 905 | @a安徽大学@dTU22-43@eP382 | |
| 房屋建筑学/裴刚等编.-广州:华南理工大学出版社,2002.01 |
| 410页;26cm |
| ISBN 7-5623-1754-2:39.50CNY |
| ● |
| 相关链接 |
|
|
|
正题名:房屋建筑学
索取号:TU22-43/P382
 
预约/预借
| 序号 | 登录号 | 条形码 | 馆藏地/架位号 | 状态 | 备注 |
| 1 | 361231 | 203612313 | 自科二线404/404自科库 11排6列1层/ [索取号:TU22-43/P382] | 在馆 | |
| 2 | 361232 | 203612322 | 自科二线404/404自科库 6排6列3层/ [索取号:TU22-43/P382] | 在馆 | |
| 3 | 361233 | 203612331 | 建筑库101/101建筑库 45排7列2层/ [索取号:TU22-43/P382] | 在馆 | |
| 4 | 365072 | 203650726 | 建筑库101/ [索取号:TU22-43/P382] | 在馆 | |
| 5 | 365073 | 203650735 | 建筑库101/ [索取号:TU22-43/P382] | 在馆 | |
| 6 | 365074 | 203650744 | 建筑库101/101建筑库 46排7列1层/ [索取号:TU22-43/P382] | 在馆 | |
| 7 | 539254 | 205392546 | 建筑库101/101建筑库 45排7列2层/ [索取号:TU22-43/P382] | 在馆 | |
| 8 | 539255 | 205392555 | 建筑库101/101建筑库 45排7列2层/ [索取号:TU22-43/P382] | 在馆 | |
| 9 | 539256 | 205392564 | 建筑库101/101建筑库 45排7列2层/ [索取号:TU22-43/P382] | 在馆 |